ロード中...

التنصير في أفريقيا

書誌詳細
第一著者: عبد الرزاق عبد المجيد Abdul Majeed,Abdur Razaq
フォーマット: Printed Book
出版事項: Makkah: Da'vathul Haq; 2008.
主題:
LEADER 00593nam a22001697a 4500
082 |a 297  |b ABD/T 
100 |a عبد الرزاق عبد المجيد  |a Abdul Majeed,Abdur Razaq 
245 |a التنصير في أفريقيا  |c Thanseeru Fi Afrikia 
260 |a Makkah:  |b Da'vathul Haq;  |c 2008. 
300 |a 126p. 
500 |a includes index 
650 |a Islam 
650 |a Islamic studies 
650 |a دراسات الاسلام 
942 |c BK 
999 |c 300428  |d 300428 
952 |0 0  |1 0  |4 0  |6 297_000000000000000_ABD_T  |7 0  |9 320770  |a ARA  |b ARA  |d 2020-09-29  |l 0  |o 297 ABD/T  |p ARA3052  |r 2020-09-29  |w 2020-09-29  |y BK